|
|
|
|
| LEADER |
00000nab a2200000uu 4500 |
| 001 |
vtls010900913 |
| 003 |
SK-MaSNL |
| 005 |
20260303214328.0 |
| 008 |
230218|1993 xo |||||||||||||||||slo| |
| 015 |
|
|
|a SNBRB
|
| 035 |
|
|
|a (urnnbn)urn:nbn:sk:snk:ar-a07m86
|
| 035 |
|
|
|a (uuid)601d52ac-b065-4a01-9fe0-1d5b976a6f4e
|
| 035 |
|
|
|a urn:nbn:sk:snk-ab8sj1
|
| 040 |
|
|
|a SNKBUCL
|b slo
|c SNKBUCL
|e AACR2
|
| 041 |
0 |
|
|a slo
|
| 044 |
|
|
|a xo
|c SK
|
| 100 |
1 |
|
|a Šramka, Miron,
|d 1940-
|4 aut
|9 242637
|
| 245 |
1 |
0 |
|a EPILEPTICKÉ DIEŤA V ŠKOLE
|c Miron Šramka, Štefan Vašek
|
| 700 |
1 |
|
|a Vašek, Štefan
|4 aut
|9 651478
|
| 773 |
0 |
|
|t Efeta - otvor sa : vedecko-odborný časopis o komplexnej rehabilitácii ľudí s postihnutím
|g Roč. 3, č. 3 (1993), s. 14-15
|
| 954 |
|
|
|a odborná, vedecká literatúra pôvodná (slovenská)
|2 lita
|
| 958 |
|
|
|a OND
|
| 958 |
|
|
|a EUIPO
|
| 958 |
|
|
|a article10
|
| 999 |
|
|
|c 2216513
|d 2218443
|